[Event "81st ARM-ch 1st League 2021"]
[Site "Yerevan"]
[Date "2021.01.30"]
[Round "8.1"]
[White "Sargsyan, Anna M."]
[Black "Gharibyan, Mamikon"]
[Result "1-0"]
[WhiteElo "2402"]
[BlackElo "2432"]
[Annotator "TA"]
[PlyCount "65"]
[EventDate "2021.01.20"]
[EventType "tourn"]
[EventCountry "ARM"]
[SourceTitle "playchess.com"]
[Source "ChessBase"]
[SourceQuality "1"]

{[%evp 15,65,39,44,25,20,16,29,28,39,37,36,31,28,31,32,32,32,21,34,22,22,22,31,17,25,14,59,66,60,50,121,121,164,114,107,100,97,110,105,75,158,158,179,186,177,177,295,283,1809,1787,29994,29995]} 1. e4 c5 2. Nf3 Nc6 3. Bb5 g6 4. Bxc6 dxc6 5. O-O Bg7 6. d3 Bg4 7. h3 {7.Nbd2 gains popularity.} Bxf3 8. Qxf3 Nf6 {[#]} 9. e5 $146 {B31: Sicilian: 2...Nc6 3 Bb5 g6.} ({Predecessor:} 9. Nd2 O-O 10. a4 a5 11. Nc4 Nd7 12. Bd2 Re8 13. Rfe1 Ne5 14. Nxe5 Bxe5 15. Bc3 Bxc3 16. bxc3 b5 17. e5 Qc7 18. e6 {½-½ (55) Shubin,K (2441)-Karthikeyan,M (2606) Chess.com INT 2020}) 9... Nd5 10. Re1 O-O 11. Nd2 {White has an edge.} Nb4 12. Qd1 Qd5 13. a3 Na6 14. Nf3 Rad8 15. Bg5 Rfe8 16. Qe2 h6 17. Bd2 Nc7 18. Rad1 Ne6 19. Bc1 Kh7 20. c3 f5 21. Nh4 Rf8 22. f4 Qd7 (22... h5 $14) 23. g4 $16 Qe8 24. gxf5 gxf5 25. Kh2 Qf7 26. Rg1 {Black must now prevent Rg6.} Rg8 27. b4 b6 (27... cxb4 $142 28. axb4 Bh8) 28. Rg6 Bh8 29. Rdg1 {[%cal Bd1g1,Bg1g6,Bg6c6][%mdl 32]} Rxg6 30. Rxg6 $40 {[%mdl 128] White attacks with force.} Nf8 (30... Bg7 $142 31. Be3 cxb4) 31. Rxc6 $18 Qd5 $2 {[#]} (31... Bg7 32. bxc5 bxc5) 32. Rxh6+ $3 {[%mdl 512]} Kg7 (32... Kxh6 33. Nxf5+) 33. Nxf5+ {[%mdl 64] Double Attack.  Weighted Error Value: White=0.08/Black=0.42} 1-0

[Event "81st ARM-ch 1st League 2021"]
[Site "Yerevan"]
[Date "2021.01.30"]
[Round "8.2"]
[White "Hayrapetyan, Hovik"]
[Black "Ohanyan, Emin"]
[Result "1/2-1/2"]
[WhiteElo "2488"]
[BlackElo "2255"]
[Annotator "TA"]
[PlyCount "126"]
[EventDate "2021.01.20"]
[EventType "tourn"]
[EventCountry "ARM"]
[SourceTitle "playchess.com"]
[Source "ChessBase"]
[SourceQuality "1"]

{[%evp 21,126,72,70,56,57,30,55,70,62,36,146,121,120,88,157,35,37,30,37,40,34,37,39,47,28,44,14,8,8,0,0,0,8,9,9,7,114,114,114,114,114,114,114,114,114,114,114,114,114,114,114,114,104,110,170,141,114,106,70,77,121,0,0,0,0,0,0,0,0,0,0,0,0,0,0,0,0,0,0,0,0,0,0,0,0,0,0,0,0,0,0,0,0,0,0,0,0,0,0,0,0,0,0,0,0,0,0]} 1. Nf3 Nf6 2. c4 g6 3. Nc3 d5 4. d4 Bg7 5. cxd5 Nxd5 6. e4 Nxc3 7. bxc3 c5 8. Rb1 O-O 9. Be2 cxd4 10. cxd4 Nc6 11. d5 Ne5 12. Nxe5 {D85: Exchange Grünfeld: Unusual White 7th moves and lines with 7 Nf3.} Bxe5 13. O-O $1 e6 14. f4 {White is slightly better.} Bc7 15. Bc4 Bb6+ (15... b5 $14 16. Bb3 (16. Rxb5 Ba6 $14) (16. Bxb5 exd5 17. exd5 Rb8 $14) 16... Rb8) 16. Kh1 $16 exd5 17. Bxd5 {Black must now prevent f5.} Be6 {[#]} 18. Bxe6 $146 ({Much weaker is} 18. Bxb7 $6 Bxa2 19. Rxb6 Qxd1 $11) ({White should try} 18. f5 $1 $16 {[%cal Rf5e6]} Bxd5 19. exd5) ({Predecessor:} 18. f5 Bxd5 19. exd5 Qd7 20. Bb2 Rfd8 21. Qd2 Qd6 22. Qc3 f6 23. fxg6 Bc7 24. gxh7+ {1-0 (30) Porcelli,D-Dumont,G (1777) ICCF email 2008}) 18... Qxd1 $1 $14 {[%cal Rd1f1] [#]} 19. Bxf7+ $1 Rxf7 {[%cal Rd1f1]} 20. Rxd1 Rc8 21. g4 Rc2 22. f5 Re7 23. Re1 Ba5 24. Bg5 Re8 25. Re3 Bb6 26. Ree1 Ba5 27. Rf1 $36 {[%mdl 2048] White has good play.} Rxe4 28. f6 {White wants to mate with f7+.} Kf7 ({Worse is} 28... Rxg4 29. f7+ Kf8 30. Bh6+ Ke7 31. f8=Q+ Kd7 32. Rf7+ Kc6 33. Rf6+ Kd5 34. Rd6+ Kc5 35. Be3+ Kc4 36. Qg8+ Kc3 37. Qb3#) (28... Rc7 $1 $11 {remains equal.}) 29. Rxb7+ $16 {[%mdl 64] Double Attack} Rc7 30. Rxc7+ Bxc7 {[%mdl 4096] Endgame KRB-KRB} 31. Rd1 {Hoping for Rd7+.} Bf4 32. Rd7+ Ke8 {[#]} 33. Rd8+ {[%mdl 512]} Kf7 {[#]} 34. Bxf4 Rxf4 {KR-KR} 35. g5 {Threatens to win with Rd7+.} Ra4 36. Rh8 Rh4 37. Rc8 a5 (37... Ra4 $16) 38. Rc7+ $18 Kg8 39. Rg7+ Kf8 40. Ra7 a4 41. Kg2 (41. Ra5 $16) 41... Rg4+ $11 {The position is equal.} 42. Kf3 Rxg5 43. Rxh7 Rf5+ 44. Kg3 Rc5 45. Kg4 Rc2 46. a3 Ra2 47. Kg5 Rg2+ 48. Kf4 Ra2 49. Rg7 (49. Ra7 {looks sharper.} Rxh2 50. Kg3 Rc2 51. Kg4 Rg2+ 52. Kf3) 49... Rxh2 50. Ra7 Rh3 51. Kg5 Rxa3 52. Kxg6 {[%cal Ra7a8]} Rg3+ 53. Kf5 a3 54. Ra8+ (54. f7 {keeps more tension.} Re3 55. Kf6 Rf3+ 56. Kg6 Rg3+ 57. Kf5) 54... Kf7 55. Ra7+ Kf8 56. f7 Rf3+ 57. Kg6 Rg3+ 58. Kf6 {[%cal Ra7a8]} Rf3+ 59. Kg6 {aiming for Ra8+.} Rg3+ 60. Kf6 {[%cal Ra7a8]} Rf3+ 61. Kg6 {Ra8+ is the strong threat.} Rg3+ 62. Kf6 {[%cal Ra7a8]} Rf3+ 63. Ke6 {Intending Ra8+ and mate.} Re3+ {Weighted Error Value: White=0.06/Black=0.08} 1/2-1/2

[Event "81st ARM-ch 1st League 2021"]
[Site "Yerevan"]
[Date "2021.01.30"]
[Round "8.3"]
[White "Danielyan, Vahe"]
[Black "Vardanian, Haik G."]
[Result "0-1"]
[WhiteElo "2357"]
[BlackElo "2389"]
[Annotator "TA"]
[PlyCount "50"]
[EventDate "2021.01.20"]
[EventType "tourn"]
[EventCountry "ARM"]
[SourceTitle "playchess.com"]
[Source "ChessBase"]
[SourceQuality "1"]

{[%evp 18,50,0,0,22,0,19,4,19,16,16,12,29,-2,-2,0,0,-12,-3,-35,-30,-84,-89,-264,-260,-263,-261,-245,-254,-511,-510,-510,-510,-687,-552]} 1. e4 c5 2. Nc3 e6 3. Nf3 a6 4. g3 d6 5. d4 cxd4 6. Nxd4 Nf6 7. Bg2 Be7 8. O-O O-O 9. b3 Qc7 10. Bb2 Rd8 {B80: Sicilian Scheveningen: 6 g3 and 6 Be3, including English Attack.} 11. Re1 Nc6 12. Nce2 {[#]} e5 $146 {The position is equal.} ({Predecessor:} 12... Bd7 13. c4 Rac8 14. Nxc6 Bxc6 15. Nd4 {½-½ (15) Sydor,A-Garcia Martinez,S Bucharest 1971}) 13. Nxc6 Qxc6 14. a4 {[%cal Ba2a4,Ba4a5][%mdl 32]} Be6 (14... Nxe4 $6 15. Nd4 $1 $16 {[%mdl 512]}) 15. a5 d5 16. Bxe5 {Threatens to win with Nd4.} dxe4 17. Qc1 Qc5 18. Qb2 (18. Bxf6 $5 Bxf6 19. Ra4 $15) 18... Rd2 {Hoping for ...Rc8.} 19. Bc3 {[#]} (19. Bd4 $11 {remains equal.} Qxc2 20. Qxc2 Rxc2 21. Rac1) 19... e3 $1 $17 {[%cal Re3f2]} (19... Rad8 20. b4 $14) 20. Bd4 $2 {Loses the game.} (20. Bxd2 $17 {was forced.} exf2+ 21. Kh1 fxe1=N 22. Bxe1) 20... exf2+ (20... Qxc2 21. Qxc2 Rxc2 22. Bxb7 $11) (20... Rxc2 21. Bxc5 exf2+ 22. Bxf2 $11) 21. Bxf2 {[#]} Ng4 $1 {[%mdl 512]} 22. Bxc5 Bxc5+ 23. Qd4 $2 ({But not} 23. Kh1 $2 Nf2+ 24. Kg1 Nd3+ 25. Kh1 Nxb2 $19) (23. Nd4 {is the only way for White.} Bxd4+ 24. Qxd4 Rxd4 25. Bxb7) 23... Rxd4 $19 {Black is clearly winning.} 24. Nxd4 Bxd4+ 25. Kf1 Bxa1 {Weighted Error Value: White=0.61/Black=0.05} 0-1

[Event "81st ARM-ch 1st League 2021"]
[Site "Yerevan"]
[Date "2021.01.30"]
[Round "8.4"]
[White "Mikaelyan, Arman"]
[Black "Melkonyan, Arshak"]
[Result "1-0"]
[WhiteElo "2485"]
[BlackElo "2079"]
[Annotator "TA"]
[PlyCount "83"]
[EventDate "2021.01.20"]
[EventType "tourn"]
[EventCountry "ARM"]
[SourceTitle "playchess.com"]
[Source "ChessBase"]
[SourceQuality "1"]

{[%evp 18,83,3,6,32,12,19,24,25,28,23,13,16,25,29,44,32,32,27,39,39,45,37,30,42,37,35,39,77,31,56,50,73,43,42,42,42,44,53,57,54,43,55,70,85,65,93,93,93,92,92,92,79,83,84,83,101,133,107,116,164,160,612,610,610,610,637,606]} 1. c4 e6 2. Nf3 Nf6 3. g3 b6 4. Bg2 Bb7 5. O-O Be7 6. b3 O-O 7. Bb2 d5 8. cxd5 exd5 9. d4 Nbd7 10. Nc3 a6 {E17: Queen's Indian: 4 g3 Bb7 5 Bg2 Be7.} 11. Ne5 Bd6 {[#]} 12. Nc4 $1 Bb4 {[#]White has an edge.} 13. Rc1 $1 Re8 {[#]} 14. e3 $146 ({Predecessor:} 14. Ne3 c6 15. a3 Bf8 16. Na4 a5 17. Rc2 g6 18. Bh3 Bd6 19. Ng2 Qe7 20. Qc1 {1-0 (62) Kurajica,B (2493)-Tica,S (2419) Mali Losinj 2019}) 14... Rb8 (14... c6 15. Nd2) 15. Ne5 Bd6 16. f4 c5 17. Na4 cxd4 18. Nxd7 Nxd7 19. Qxd4 {[%csl Gb2][%cal Rd4g7]} Bf8 20. Rfe1 b5 {[#]} 21. Nc5 Nxc5 22. Rxc5 Qb6 23. Rc2 Qe6 24. Rc7 Ba8 25. Bf3 Rbc8 26. Rec1 Rxc7 27. Rxc7 Qxe3+ 28. Qxe3 Rxe3 29. Kf2 Re8 30. Bd4 a5 31. Be2 Rb8 32. Ba7 Rb7 33. Rxb7 Bxb7 34. Bxb5 $16 {[%mdl 4096] Endgame KBB-KBB} Bb4 35. Ke3 f6 36. Kd4 Kf7 37. Bc5 Be1 {Threatens to win with ...Bf2+.} 38. Kd3 Ke6 39. a3 {And now Bd4 would win.} g5 $2 (39... h5 $16 40. Bd4 h4) 40. fxg5 $18 {White is clearly winning.} fxg5 41. Bd4 Kf5 42. Bd7+ {Weighted Error Value: White=0.04/Black=0.37} 1-0

[Event "81st ARM-ch 1st League 2021"]
[Site "Yerevan"]
[Date "2021.01.30"]
[Round "8.5"]
[White "Davtyan, Artur"]
[Black "Harutyunian, Tigran K."]
[Result "1-0"]
[WhiteElo "2466"]
[BlackElo "2549"]
[Annotator "TA"]
[PlyCount "147"]
[EventDate "2021.01.20"]
[EventType "tourn"]
[EventCountry "ARM"]
[SourceTitle "playchess.com"]
[Source "ChessBase"]
[SourceQuality "1"]

{[%evp 13,147,24,40,26,50,45,47,39,41,51,52,33,48,28,35,26,29,33,45,42,39,39,37,33,41,31,31,37,50,50,45,14,24,31,81,81,84,85,85,77,79,78,116,118,221,200,206,203,379,379,379,372,379,379,347,347,372,346,372,364,350,339,286,196,29938,29939,29938,29940,29940,29942,29941,29941,29942,29946,29944,12847,29954,29957,29960,29955,29952,4133,29949,29939,29961,29959,29963,29954,29956,29956,29956,29957,29959,29960,29955,29957,29960,29955,29955,29956,29951,29954,29957,29957,29961,29963,29963,29964,29964,29965,29966,29967,29967,29953,29957,0,29967,29968,29970,29968,29967,29970,29969,29969,29976,29977,29975,29976,29975,29976,29979,29973,29985,29986,29986,29987]} 1. e4 c5 2. Nf3 Nc6 3. Bb5 d6 4. O-O Bd7 5. c3 a6 6. Ba4 Nf6 7. Re1 e5 8. h3 {B51: Sicilian: Moscow Variation (3 Bb5+) without 3...Bd7.} Be7 9. d4 b5 10. Bc2 {White is slightly better.} cxd4 11. cxd4 O-O 12. Nc3 Rc8 13. a3 exd4 14. Nxd4 Nxd4 15. Qxd4 Be6 {[#]} 16. Bf4 $146 ({Predecessor:} 16. Be3 Nd7 17. f4 Rc6 18. Rac1 Qc7 19. Qd2 Rc8 20. Red1 h6 21. Kh1 Nf6 22. Re1 {½-½ (36) Atuan,J (2255)-Ploscaru,S (2258) ICCF email 2019}) 16... Nd7 17. Bxd6 Bxd6 18. Qxd6 Nb6 $1 19. Qxd8 Rfxd8 20. Red1 Rxd1+ 21. Bxd1 Nc4 22. b4 Nd2 23. Nd5 Rc4 24. f3 {Black is on the road to losing.} Bxd5 25. exd5 $16 {[%mdl 4096] Endgame KRB-KRN} Kf8 26. Be2 $1 {[%cal Re2c4]} Rc2 27. d6 {Black must now prevent a4.} (27. Re1 $5 {[%cal Rd5d6]}) 27... Nc4 28. Bxc4 Rxc4 {KR-KR} (28... bxc4 $16 29. Re1 Rd2) 29. Rd1 $1 $18 {d7 is the strong threat.} Ke8 30. Re1+ Kd7 $2 (30... Kd8 31. Re7 g5 32. Rxf7 Rc3 33. Rxh7 Rxa3) 31. Re7+ {[%mdl 64] Double Attack} Kxd6 32. Rxf7 a5 33. bxa5 Ra4 34. Rxg7 Rxa3 35. Rxh7 Rxa5 36. h4 Kc6 {and if ...b4 works, Black does fine.} 37. Rh6+ Kc5 {With the idea ...b4.} 38. Kh2 b4 $2 (38... Ra8 $18 39. g4 b4) 39. Rh5+ Kb6 40. Rxa5 Kxa5 {KP-KP} 41. h5 b3 42. h6 b2 43. h7 b1=Q 44. h8=Q {Qa8+ would kill now. KQ-KQ} Qe1 45. f4 Qf2 46. Qf6 Kb5 47. Qg5+ (47. Qe5+ $142 Kb6 48. Kh3 Qd2 49. f5 Qh6+ 50. Kg4 Qd2 51. Kf3 Qd1+ 52. Kg3) 47... Kc6 48. f5 Kd7 49. Kh3 Qf1 50. Qg7+ Ke8 51. Qe5+ Kf7 52. Kg3 Qd1 53. Qe6+ Kf8 54. Qe4 Kf7 55. Kh4 Qd8+ 56. Kh3 Qh8+ 57. Qh4 Qc3+ 58. g3 $1 Qf3 59. Qh7+ Kf8 60. Qh6+ $1 Kf7 {[#]} 61. Qg6+ $1 Kf8 62. Qf6+ Kg8 63. Qe6+ Kf8 64. Qf6+ Kg8 $1 65. Kh4 {White mates.} Qf2 66. Qg5+ Kf7 67. Kh5 Qh2+ {[#]} 68. Qh4 $1 Qe2+ 69. Kh6 Qa6+ 70. Kh7 Qb7 71. Qh6 Qf3 72. Qg6+ Kf8 73. f6 {[%csl Gh7][%cal Rg6g8]} Qh5+ 74. Qh6+ {Weighted Error Value: White=0.06/Black=0.50} 1-0

[Event "81st ARM-ch 1st League 2021"]
[Site "Yerevan"]
[Date "2021.01.30"]
[Round "8.6"]
[White "Babujian, Levon"]
[Black "Shahinyan, David"]
[Result "0-1"]
[WhiteElo "2440"]
[BlackElo "2452"]
[Annotator "TA"]
[PlyCount "62"]
[EventDate "2021.01.20"]
[EventType "tourn"]
[EventCountry "ARM"]
[SourceTitle "playchess.com"]
[Source "ChessBase"]
[SourceQuality "1"]

{[%evp 13,62,-16,-9,-53,-40,-49,22,10,16,-97,-88,-105,-107,-113,-114,-98,-106,-193,-201,-358,-356,-557,-346,-340,-314,-310,-315,-370,-368,-370,-368,-372,-355,-379,-337,-510,-486,-704,-688,-691,-682,-831,-789,-1166,-1144,-1395,-1395,-1372,-1335,-1313,-1294]} 1. e4 e6 2. d4 d5 3. Nc3 Nf6 4. Bg5 Bb4 5. e5 h6 6. Be3 Ne4 7. Qg4 g6 (7... Nxc3 8. Qxg7 Kd7 9. Qxf7+ (9. Bd2 Qg8 $16) 9... Kc6 10. a3 $18) 8. Bd3 {C12: French: Classical System: McCutcheon Variation.} Nxc3 9. a3 Na4+ (9... Ba5 $15 10. Bd2 {[%mdl 64] Pin} Na4 11. Bxa5 Nxb2) 10. axb4 $11 {The position is equal.} Nxb2 {[#]} 11. Bxg6 $146 (11. Be2 $11 {keeps the balance.}) ({Predecessor:} 11. Ne2 Qe7 12. Bd2 b6 13. O-O Kf8 14. h4 Kg7 15. h5 Nxd3 16. cxd3 Kh7 17. g3 {1-0 (32) Nonhoff,H-Schunk,T Germany West 1985}) 11... fxg6 $17 {Black keeps a firm grip on the game.} 12. Qxg6+ Kd7 13. Qg7+ Kc6 14. b5+ Kb6 15. Bd2 (15. Ne2 $17) 15... Nc4 $19 16. Bb4 $2 {[#]} (16. Bxh6 {was necessary.} Bd7 17. Nh3) 16... Kxb5 17. Ne2 (17. Ba3 $142) 17... Kc6 18. Nf4 b6 19. Ng6 Re8 20. h4 Kb7 21. Qxh6 Nc6 22. Bc3 Ne7 23. h5 Bd7 24. O-O-O (24. Nf4 $142) 24... Nxg6 {Black is clearly winning.} 25. hxg6 (25. Qxg6 $142 Qe7 26. Qd3) 25... Qe7 26. Kb1 Rg8 27. Rd3 Raf8 28. f4 Be8 29. Rg3 {[#]} Bxg6 $1 {[%mdl 512]} 30. Rxg6 Qa3 31. Rh3 Rh8 {Weighted Error Value: White=0.93/Black=0.18} 0-1

[Event "81st ARM-ch 1st League 2021"]
[Site "Yerevan"]
[Date "2021.01.30"]
[Round "8.7"]
[White "Barseghyan, Armen Ar."]
[Black "Yeremyan, Alen"]
[Result "1-0"]
[WhiteElo "2362"]
[BlackElo "2274"]
[Annotator "TA"]
[PlyCount "89"]
[EventDate "2021.01.20"]
[EventType "tourn"]
[EventCountry "ARM"]
[SourceTitle "playchess.com"]
[Source "ChessBase"]
[SourceQuality "1"]

{[%evp 13,89,4,20,-9,0,0,0,-22,-9,-14,-14,-16,-5,-7,-5,-15,14,0,58,64,43,27,24,32,35,48,48,41,38,45,39,33,58,58,127,127,127,130,122,116,158,161,174,165,276,274,277,277,270,255,267,262,250,232,239,235,230,219,287,297,360,271,408,407,373,316,459,412,412,412,514,514,784,763,12840,12841,12841,12841]} 1. Nf3 Nf6 2. g3 g6 3. Bg2 Bg7 4. O-O O-O 5. c4 d6 6. Nc3 e5 {6...e5 scores better than 6...Nc6.} 7. d3 Nc6 8. Nd2 {A26: English Opening vs King's Indian with ...Nc6 and d3.} Be6 9. Rb1 Qd7 10. Re1 {[#] The position is equal.} a5 $146 ({Predecessor:} 10... Bh3 11. Bh1 Ng4 12. e3 f5 13. Nf3 Bh6 14. Qe2 Rae8 15. Nd1 e4 16. dxe4 fxe4 {1-0 (47) Middelburg,T (2195)-De Vreugt,D (2255) Leiden 1997}) 11. a3 Bh3 12. Bh1 Qf5 (12... h6 {with more complications.} 13. e3 Nh7 14. b4 axb4 15. axb4 e4) 13. Nde4 (13. b4 {is more complex.} axb4 14. axb4 Qd7 15. Nf3 h6 16. e4) 13... Nxe4 14. Nxe4 h6 15. Nc3 Qh5 (15... Qd7 $11) 16. Nd5 Rac8 17. e3 Qxd1 18. Rxd1 a4 19. b4 {Threatens to win with b5.} axb3 20. Rxb3 b6 $1 21. Bd2 Bd7 22. Rdb1 Rfe8 23. a4 Nd8 {Black is on the road to losing.} ({Black should play} 23... Ne7 $14) 24. a5 $16 bxa5 25. Bxa5 Ne6 26. Rb7 {[%cal Ra5c7]} Ba4 {intending ...Bc2.} 27. Bxc7 Bc2 28. Bxd6 {Rc1 is the strong threat.} Bxd3 (28... Nc5 {keeps fighting.}) 29. Rd1 $18 e4 30. Ne7+ Rxe7 31. Bxe7 ({Resist} 31. Rxe7 $6 Bf6 $18) 31... Rxc4 32. Bg2 Bf8 33. Rb8 Kg7 34. Bxf8+ Nxf8 35. Bf1 Bxf1 36. Kxf1 {[%mdl 4096] Endgame KRR-KRN} Ne6 37. h4 g5 (37... h5 $142 38. Rb7 Rc5) 38. Rd5 Kg6 39. Rb7 h5 (39... gxh4 $142 40. gxh4 Rc6) 40. Rbb5 Rc1+ 41. Kg2 gxh4 42. gxh4 {White is clearly winning.} f6 (42... Ng7 $142 43. Rg5+ Kh7) 43. Rb6 Nf8 44. Rd8 Nh7 45. Rb7 {Weighted Error Value: White=0.11/Black=0.27} 1-0

[Event "81st ARM-ch 1st League 2021"]
[Site "Yerevan"]
[Date "2021.01.31"]
[Round "9.1"]
[White "Yeremyan, Alen"]
[Black "Sargsyan, Anna M."]
[Result "0-1"]
[WhiteElo "2274"]
[BlackElo "2402"]
[Annotator "TA"]
[PlyCount "90"]
[EventDate "2021.01.20"]
[EventType "tourn"]
[EventCountry "ARM"]
[SourceTitle "playchess.com"]
[Source "ChessBase"]
[SourceQuality "1"]

{[%evp 10,90,-16,-21,0,-10,3,0,20,16,32,6,21,0,8,-12,-6,-37,-37,-33,-49,-71,-67,-64,-59,-62,-35,-59,0,-6,8,16,26,20,28,0,34,22,56,60,128,14,7,0,6,-28,-27,-65,-64,-62,-31,-100,-81,-75,-84,-124,-129,-142,-142,-140,-127,-192,-192,-196,-196,-189,0,0,0,-275,-275,-258,-257,-349,-356,-339,-333,-438,-425,-424,-409,-1007,-1317]} 1. g3 d5 2. Bg2 e5 3. d3 Nf6 4. Nf3 Bd6 5. O-O O-O 6. c4 d4 {A00: Irregular Openings.} 7. e3 dxe3 8. Bxe3 c6 {[#] The position is equal.} 9. Nc3 $146 ({Predecessor:} 9. d4 Ng4 10. Bg5 f6 11. Bc1 e4 12. Ne1 f5 13. Nc3 Be6 14. b3 Na6 15. Nc2 {½-½ (64) Werner,D (2314)-Koczo,K (2198) Budapest 2004}) 9... h6 10. h3 Bf5 11. Re1 Re8 12. g4 Bh7 13. g5 hxg5 14. Nxg5 Bg6 15. Nce4 Bb4 16. Rf1 Nxe4 17. Nxe4 Na6 18. Qg4 Be7 (18... Re6 $15 19. h4 f5 {[%mdl 64] Double Attack}) 19. Rad1 $11 Kh7 {Strongly threatening ...f5.} 20. Ng5+ Bxg5 21. Bxg5 (21. Qxg5 Qxg5 22. Bxg5 Nc5 $15) 21... Qc8 22. Qg3 f6 23. Be3 Qe6 24. d4 Qxc4 {[#]} (24... e4 $14) 25. dxe5 ({White must play} 25. d5 $1 $16) 25... Rxe5 26. Rd7 {Threatens to win with Rc1.} Nc5 27. Rd4 Qf7 28. Rfd1 Rae8 29. Kh2 Be4 30. Qh4+ ({White should try} 30. Bf1 $15) 30... Rh5 31. Bxe4+ (31. Rxe4 $2 Nxe4 32. Bxe4+ f5 $19) 31... Nxe4 32. Qg4 f5 33. Rd7 {[#]} Nf6 $1 {[%mdl 512]} 34. Rxf7 {[%csl Gf7][%cal Rg4g7]} Nxg4+ (34... fxg4 $6 35. Rxb7 a5 36. Rd4 $11) 35. Kg3 (35. Kg1 $17 Nxe3 36. fxe3) 35... Nxe3 $19 36. fxe3 Rxe3+ {[%mdl 4096] Endgame KRR-KRR} 37. Kf2 Rexh3 (37... Rhxh3 $19 38. Rdd7 Rhf3+ 39. Kg2 Rg3+ 40. Kf2 Ref3+ 41. Ke2 Kh6) 38. Rg1 $1 $11 Rh2+ 39. Kf3 $2 {[%mdl 8192]} (39. Kf1 $11) 39... R5h3+ $19 ({Worse is} 39... Rxb2 40. Rfxg7+ Kh8 41. Rg8+ Kh7 42. R8g7+ Kh8 43. Rg8+ Kh7 44. R8g7+ $11) 40. Kf4 {[#]} Rh4+ $1 (40... Rxb2 41. Rfxg7+ Kh8 42. Rg8+ Kh7 43. R8g7+ Kh8 44. Rg8+ Kh7 45. R8g7+ $11) 41. Ke3 Re4+ ({Not} 41... Rxb2 42. Rfxg7+ Kh8 43. Rg8+ Kh7 44. R8g7+ Kh8 45. Rg8+ Kh7 46. R8g7+ $11) 42. Kd3 Rg4 ({Inferior is} 42... Rxb2 43. Rfxg7+ Kh8 44. Rg8+ Kh7 45. R8g7+ Kh8 46. Rg8+ Kh7 47. R8g7+ $11) 43. Rxg4 fxg4 44. Rxb7 g3 {( -> ...g2)} 45. Ke3 (45. Rb4 $142) 45... Rc2 {Weighted Error Value: White=0.43/Black=0.14} 0-1